000 00801nam a2200253Ia 4500
003 OSt
005 20221005105447.0
006 a|||||r|||| 00| 0
007 ta
008 221004b |||||||| |||| 00| 0 hin d
020 _c90
024 _a105779
037 _b12955, 18/03/2011, Kitab Ghar
_cTextual
040 _aCRL
_cCRL
_bhin
041 _2hin
_ahin
082 _aO152,3M80x, P8
100 _aप्रेमचंद
245 0 _aरूठी रानी
246 _aRūṭhī rānī
260 _aनई दिल्ली
_bभारतीय ग्रंथ निकेतन भारत
_c2008
300 _a135पृ0
_ccm.
942 _hO152,3M80x, P8
_cTEXL
_2cc
999 _c1015898
_d1015898